Central Library OPAC University of Rajshahi

The handbook of Palestine and Trans-Jordan, (Record no. 64829)

MARC details
000 -LEADER
fixed length control field 00837nam a2200241 a 4500
001 - CONTROL NUMBER
control field 64829
003 - CONTROL NUMBER IDENTIFIER
rucl marc code BD-RjUL
005 - DATE AND TIME OF LATEST TRANSACTION
control field 20211209081344.0
008 - FIXED-LENGTH DATA ELEMENTS--GENERAL INFORMATION
fixed length control field 170223s1930 enkb 001 0 eng
035 ## - SYSTEM CONTROL NUMBER
System control number (BD-RjUL)64959
040 ## - CATALOGING SOURCE
Original cataloging agency DLC
Transcribing agency ODa
Modifying agency NcGU
-- BD-RjUL
Language of cataloging eng
041 ## - LANGUAGE CODE
Language code of text/sound track or separate title eng
082 ## - DEWEY DECIMAL CLASSIFICATION NUMBER
Classification number 915.69
Edition number 23
Author mark and year HAN 1930
245 14 - TITLE STATEMENT
Title The handbook of Palestine and Trans-Jordan,
Statement of responsibility, etc. edited by Harry Charles Luke ... and Edward Keith-Roach ... with introductions by Sir John Chancellor ... and the Right Hon. Sir Herbert Samuel ...
250 ## - EDITION STATEMENT
Edition statement 2d ed. ...
260 ## - PUBLICATION, DISTRIBUTION, ETC. (IMPRINT)
Place of publication, distribution, etc. London :
Name of publisher, distributor, etc. Macmillan and Co., Limited,
Date of publication, distribution, etc. 1930.
300 ## - PHYSICAL DESCRIPTION
Pagination xvi, 505 p. m:
Illustrations ill, ;
Size 19 cm.
651 #0 - SUBJECT ADDED ENTRY--GEOGRAPHIC NAME
Geographic name Palestine.
9 (RLIN) 192216
Geographic name Jordan.
9 (RLIN) 192217
700 2# - ADDED ENTRY--PERSONAL NAME
Personal name Keith-Roach, Edward,
Dates associated with a name 1885-1954.
Personal name Luke, Harry,
942 ## - ADDED ENTRY ELEMENTS (KOHA)
Source of classification or shelving scheme Dewey Decimal Classification
Koha item type Books
Holdings
Lost status Source of classification or shelving scheme Damaged status Not for loan Collection code Permanent Location Current Location Shelving location Date acquired Source of acquisition Cost, normal purchase price Total Checkouts Full call number Date last seen Copy number Koha item type
  Dewey Decimal Classification   Not For Loan Non-fiction Central Library, University of Rajshahi Central Library, University of Rajshahi Reading Room 11/11/1966 A.I. quresri 10.05   915.69 HAN 1930 23/02/2017 C-1 Books